00430 a2200133 4500001001000000005001700010008004100027245008100068100001700149700002300166700001800189700001700207773007200224ART_1155820260410161858.0260409a 10aA microeconomic analysis of wage determination in the Canadian public sector1 aAuld, D.A.L.1 aChristofides, L.N.1 aSwidinsky, R.1 aWilton, D.A.0 tJournal of public economicsg- Vol. 13, NÂș 3 (jun. 1980)wREV11485